Sports Quiz

Random Sports or Olympics Quiz

Olympic Medal Table: Alpine Skiing Quiz Stats

 Plays Quiz Updated Feb 25, 2018

Challenge
Share
Tweet
Embed
Score 0/25 Timer 05:00
2 Plays Today
Rank Country % Correct
3United States
99.1%
9Canada
94.4%
22Russia
93.6%
14Unified Team of Germany
93.3%
6Germany
93.3%
8Sweden
92.9%
7Norway
92.3%
4France
91.6%
2Switzerland
91.1%
5Italy
89.7%
19Finland
88.7%
1Austria
88%
20Japan
82.6%
Rank Country % Correct
16Spain
78.9%
25Soviet Union
67.7%
15Czechia
67.2%
13Slovenia
60.8%
23Australia
60.4%
10Croatia
55.1%
18Yugoslavia
53.1%
11West Germany
50%
12Liechtenstein
48.5%
17Luxembourg
48.2%
21New Zealand
46.2%
24Czechoslovakia
44.5%

You're not logged in!

Compare scores with friends on all Sporcle quizzes.
Join for Free
OR
Log In

You Might Also Like...

Show Comments

Extras

Top Quizzes Today


Score Distribution

Your Account Isn't Verified!

In order to create a playlist on Sporcle, you need to verify the email address you used during registration. Go to your Sporcle Settings to finish the process.

Report this User

Report this user for behavior that violates our Community Guidelines.

Details: